Pelo bueno, pelo malo : (Registro nro. 22669)

Detalles MARC
000 -LEADER
fixed length control field 00789nam a22002177a 4500
003 - CONTROL NUMBER IDENTIFIER
control field DO-CoUTE
005 - DATE AND TIME OF LATEST TRANSACTION
control field 20230603081838.0
008 - FIXED-LENGTH DATA ELEMENTS--GENERAL INFORMATION
fixed length control field 230602b dr ||||| |||| 00| 0 spa d
040 ## - CATALOGING SOURCE
Original cataloging agency DO-CoUTE
Language of cataloging spa
Transcribing agency DO-CoUTE
082 ## - DEWEY DECIMAL CLASSIFICATION NUMBER
Edition number 22
Classification number RD 391.5 M981p 2012
100 1# - MAIN ENTRY--PERSONAL NAME
Personal name Murray, Gerald F.
Relator term autor
245 10 - TITLE STATEMENT
Title Pelo bueno, pelo malo :
Remainder of title Estudio antropológico de los salones de belleza en Republica Dominicana /
Statement of responsibility, etc. Gerald F. Murray, Marina Ortiz
250 ## - EDITION STATEMENT
Edition statement Primera edición
260 ## - PUBLICATION, DISTRIBUTION, ETC.
Place of publication, distribution, etc. Santo Domingo :
Name of publisher, distributor, etc. FondoMicro,
Date of publication, distribution, etc. 2012
300 ## - PHYSICAL DESCRIPTION
Extent xxiv, 451 páginas ;
Dimensions 23x16cm
504 ## - BIBLIOGRAPHY, ETC. NOTE
Bibliography, etc. note Incluye referencia bibliográfica e índice
650 #4 - SUBJECT ADDED ENTRY--TOPICAL TERM
Topical term or geographic name entry element Salones de belleza - República Dominicana
650 #4 - SUBJECT ADDED ENTRY--TOPICAL TERM
Topical term or geographic name entry element Peinado -- República Dominicana
700 1# - ADDED ENTRY--PERSONAL NAME
Personal name Ortiz, Marina
942 ## - ADDED ENTRY ELEMENTS (KOHA)
Source of classification or shelving scheme Dewey Decimal Classification
Koha item type Libros
Existencias
Withdrawn status Lost status Source of classification or shelving scheme Damaged status Not for loan Collection code Home library Current library Shelving location Date acquired Inventory number Full call number Barcode Date last seen Copy number Price effective from Koha item type
    Dewey Decimal Classification     Colección General Biblioteca UTECO Biblioteca UTECO En Estantería 06/02/2023 022295 RD 391.5 M981p 2012 022295 06/02/2023 Ej.1 06/02/2023 Libros
    Dewey Decimal Classification     Colección General Biblioteca UTECO Biblioteca UTECO En Estantería 06/02/2023 022296 RD 391.5 M981p 2012 022296 06/02/2023 Ej.2 06/02/2023 Libros
    Dewey Decimal Classification     Colección General Biblioteca UTECO Biblioteca UTECO En Estantería 06/02/2023 022297 RD 391.5 M981p 2012 022297 06/02/2023 Ej.3 06/02/2023 Libros
    Dewey Decimal Classification     Colección General Biblioteca UTECO Biblioteca UTECO En Estantería 06/02/2023 022298 RD 391.5 M981p 2012 022298 06/02/2023 Ej.4 06/02/2023 Libros
© 2021 Derechos Reservados UTECO - Teléfono: +1 809-585-2291 - Correo electrónico: biblioteca@uteco.edu.do​  
Código postal 43000 ​​
Dirección: Avenida Universitaria No. 100, 
Cotuí, Provincia Sánchez Ramírez, República Dominicana - RNC: 404-00059-6